Guess the Taylor Swift Song From the First Line - Statistics

General Stats
  • This quiz has been taken 39 times
  • The average score is 12 of 15
Answer Stats
Hint Answer % Correct
Knew he was a killer first time that I saw himWonder how many girls he had loved and left haunted ...Ready For It?
100%
There's glitter on the floor after the partyGirls carrying their shoes down in the lobby New Year's Day
94%
Friends break up, friends get marriedStrangers get born, strangers get buried right where you left me
91%
I'm so glad you made time to see meHow's life? Tell me, how's your family? Back to December
88%
You went to a partyI heard from everybody Now That We Don't Talk
88%
Stand there like a ghostShaking from the rain, rain How You Get The Girl
84%
State the obvious, I didn't get my perfect fantasyI realized you love yourself more than you could ever love me Picture to Burn
84%
Keep your helmet, keep your life, sonJust a flesh wound, here's your rifle epiphany
81%
Was any of it true?Gazing at me starry-eyed The Smallest Man Who Ever Lived
81%
Your hologram stumbled into my apartmentHands in the hair of somebody in darkness Chloe or Sam or Sophia or Marcus
75%
Honey when I'm above the treesI see this for what it is happiness
66%
All I knewThis morning when I woke Everything Has Changed
63%
Once upon a timeI believe it was a Tuesday when I caught your eye Forever & Always
63%
One night, a few moons agoI saw flecks of what could've been lights Snow On The Beach
59%
I'm walking fast through the traffic lightsBusy streets and busy lives State of Grace
59%
No matching quizzes found
Score Distribution
Percent of People with Each Score
Percentile by Number Answered
Your Score History
You have not taken this quiz